000
00322nam a22001457a 4500
008
210519b ||||| |||| 00| 0 eng d
020
_a
0873715748
041
_a
eng
080
_a
621
082
_a
621
100
_a
26
101
_a
MEK
245
_a
Indoor Air Quality and HVAC Systems
_c
Bearg,D.W
942
_2
udc
_c
BK
999
_c
57507
_d
57507